Statistiken für Größte Städte Deutschlands an der Saale

Klicken Sie hier um das Quiz zu spielen!

Allgemein

  • Dieses Quiz wurde 131 mal gespielt
    (72 seit der letzten Aktualisierung)
  • Das Durchschnittsergebnis liegt bei 5 aus 14

Antwortstatistiken

Einwohner#Stadt% Korrekt
238.792STHalle (Saale)
98%
111.343THJena
86%
45.825BYHof (Saale)
74%
32.155STNaumburg (Saale)
46%
29.278THSaalfeld/Saale
46%
24.943THRudolstadt
37%
32.573STBernburg (Saale)
34%
33.873STMerseburg
32%
40.192STWeißenfels
29%
13.908STLeuna
15%
11.466STBad Dürrenberg
9%
10.926STSchkopau
6%
12.849STTeutschenthal
5%
11.412STSalzatal
2%

Verteilung der Resultate

Perzentil nach korrekt beantworteten Fragen

Anzahl Personen mit jedem Resultat

Ihre Resultats-Entwicklung

Sie haben dieses Quiz seit der letzten Aktualisierung nicht gespielt